MARC details
| 000 -CABECERA |
| campo de control de longitud fija |
01655nam a2200277 i 4500 |
| 003 - IDENTIFICADOR DEL NÚMERO DE CONTROL |
| campo de control |
DO-SdBNP |
| 005 - FECHA Y HORA DE LA ÚLTIMA TRANSACCIÓN |
| campo de control |
20250603103730.0 |
| 007 - CAMPO FIJO DE DESCRIPCIÓN FÍSICA--INFORMACIÓN GENERAL |
| campo de control de longitud fija |
ta |
| 008 - DATOS DE LONGITUD FIJA--INFORMACIÓN GENERAL |
| campo de control de longitud fija |
250603s2021 dr 000 0 spa d |
| 040 ## - FUENTE DE LA CATALOGACIÓN |
| Centro catalogador/agencia de origen |
DO-SdBNP |
| Lengua de catalogación |
spa |
| Centro/agencia transcriptor |
BNPHU |
| Normas de descripción |
rda |
| 082 ## - NÚMERO DE LA CLASIFICACIÓN DECIMAL DEWEY |
| Número de clasificación |
352.15 |
| Número de documento/Ítem |
F293g, 2021 |
| Número de edición |
22 |
| 110 1# - ENTRADA PRINCIPAL--NOMBRE DE ENTIDAD CORPORATIVA |
| Nombre de entidad corporativa o nombre de jurisdicción como elemento de entrada |
Federación Dominicana de Municipios (FEDOMU) |
| 9 (RLIN) |
84131 |
| 245 10 - MENCIÓN DE TÍTULO |
| Título |
Agenda estratégica territorial 2021-2030 : |
| Resto del título |
ruta hacia los municipios del siglo XXI alienada con el Plan Nacional Plurianual del Sector Público 2021-2024 / |
| 264 ## - PRODUCCIÓN, PUBLICACIÓN, DISTRIBUCIÓN, FABRICACIÓN Y COPYRIGHT |
| Producción, publicación, distribución, fabricación y copyright |
Santo Domingo : |
| Nombre del de productor, editor, distribuidor, fabricante |
Federación Dominicana de Municipios (FEDOMU), |
| Fecha de producción, publicación, distribución, fabricación o copyright |
2021. |
| 300 ## - DESCRIPCIÓN FÍSICA |
| Extensión |
37 paginas. : |
| Dimensiones |
23 cm. |
| 336 ## - TIPO DE CONTENIDO |
| Término de tipo de contenido |
texto |
| Código de tipo de contenido |
txt |
| Fuente |
rdacontent |
| 337 ## - TIPO DE MEDIO |
| Nombre/término del tipo de medio |
sin mediación |
| Código del tipo de medio |
n |
| Fuente |
rdamedia |
| 338 ## - TIPO DE SOPORTE |
| Nombre/término del tipo de soporte |
volumen |
| Código del tipo de soporte |
nc |
| Fuente |
rdacarrier |
| 500 ## - NOTA GENERAL |
| Nota general |
Proyecto : Apoyo a la gobernanza territorial para el desarrollo de las ciudades y comunidades sostenibles en República Dominicana, financiado por la AECID. |
| 505 ## - NOTA DE CONTENIDO CON FORMATO |
| Título |
Introducción, -- |
| -- |
Estrategia nacional de desarrollo y objetivos de desarrollo sostenible : construcción del valor público y piso para el fortalecimiento de la gobernanza territorial, -- |
| -- |
El modelo de gobernanza territorial y municipal para la República Dominicana, -- |
| -- |
Agenda estratégica territorial 2021-2030. Ruta hacia los municipios del siglo XXI : alienada con el Plan Nacional Plurianual del Sector Público 2021-2024, -- |
| -- |
Siglas o abreviaturas de instituciones mencionadas, / |
| 590 ## - NOTA LOCAL (RLIN) |
| Nota local |
Inventariado, 2025/ YL |
| 650 ## - PUNTO DE ACCESO ADICIONAL DE MATERIA--TÉRMINO DE MATERIA |
| Término de materia o nombre geográfico como elemento de entrada |
Municipios |
| Subdivisión general |
Estrategia territorial |
| Subdivisión geográfica |
República Dominicana |
| 9 (RLIN) |
87964 |
| 650 ## - PUNTO DE ACCESO ADICIONAL DE MATERIA--TÉRMINO DE MATERIA |
| Término de materia o nombre geográfico como elemento de entrada |
Estrategia |
| Subdivisión general |
Municipios |
| -- |
Agenda |
| 9 (RLIN) |
87965 |
| 910 ## - DATOS DE OPCIÓN DEL USUARIO (OCLC) |
| Datos de opción del usuario |
Ylockward |
| 942 ## - ELEMENTOS DE PUNTO DE ACCESO ADICIONAL (KOHA) |
| Fuente del sistema de clasificación o colocación |
Dewey Decimal Classification |
| Tipo de ítem Koha |
Folleto |